Normal view MARC view
  • Schuon, Frithjof,

Entry Personal Name

Number of records used in: 6

001 - CONTROL NUMBER

  • control field: 28494

003 - CONTROL NUMBER IDENTIFIER

  • control field: NUST

005 - DATE AND TIME OF LATEST TRANSACTION

  • control field: 20200217162825.0

008 - FIXED-LENGTH DATA ELEMENTS

  • fixed length control field: 200217|| aca||aabn | a|a d

040 ## - CATALOGING SOURCE

  • Original cataloging agency: NUST
  • Transcribing agency: NUST

100 ## - HEADING--PERSONAL NAME

  • Personal name: Schuon, Frithjof,

670 ## - SOURCE DATA FOUND

  • Source citation: Work cat.: (NUST): Schuon, Frithjof,, Understanding Islam /, 1963.
© 2023 Central Library, National University of Sciences and Technology. All Rights Reserved.